000 00391 a2200169 4500
001 45100
020 _a8532514065
040 _cAnchieta - Aquarius
100 _aDorfman, Ariel
240 1 0 _a=A rebelião dos coelhos mágicos
_lpor
245 1 0 _a=A rebelião dos coelhos mágicos
300 _a59
362 0 _a2002
440 1 _aRocco
650 4 _aLiteratura brasileira
942 _cBK
999 _c45100
_d45100